ბათუმის შოთა რუსთაველის სახელმწიფო უნივერსიტეტის ბიბლიოთეკა

მონადირის მოგონებანი. (ბიბ.ჩანაწერი № 50092)

000 -LEADER
fixed length control field 00636nam a2200205Ia 4500
001 - CONTROL NUMBER
control field 17030
003 - CONTROL NUMBER IDENTIFIER
control field GE_BSU
008 - FIXED-LENGTH DATA ELEMENTS--GENERAL INFORMATION
fixed length control field 181216s||||||||xx |||||||||||||| ||und||
040 ## - CATALOGING SOURCE
Transcribing agency GE_BSU
080 ## - UNIVERSAL DECIMAL CLASSIFICATION NUMBER
Universal Decimal Classification number 821.353.1-94
100 ## - MAIN ENTRY--PERSONAL NAME
Personal name მარკოვი, ე.
245 ## - TITLE STATEMENT
Title მონადირის მოგონებანი.
250 ## - EDITION STATEMENT
Edition statement მე-2 შევს. გამოც.
260 ## - PUBLICATION, DISTRIBUTION, ETC.
Place of publication, distribution, etc. თბილისი
260 ## - PUBLICATION, DISTRIBUTION, ETC.
Name of publisher, distributor, etc. საბჭ. საქართველო
260 ## - PUBLICATION, DISTRIBUTION, ETC.
Date of publication, distribution, etc. 1959
300 ## - PHYSICAL DESCRIPTION
Extent 370გვ. : ილ. ; 20სმ.
653 ## - INDEX TERM--UNCONTROLLED
Uncontrolled term მონადირის მოგონებანი
942 ## - ADDED ENTRY ELEMENTS (KOHA)
Koha item type წიგნი
ეგზემპლარები
Withdrawn status Lost status Damaged status Not for loan Date acquired Barcode Date last seen Price effective from Koha item type
        2018-12-17 21402 2018-12-17 2018-12-17 წიგნი
        2018-12-17 21403 2018-12-17 2018-12-17 წიგნი